01327nam a2200277 a 450000100100000000500170001000800410002702000180006804000250008608200230011124500870013426000470022130000210026850000950028959000270038465000330041165000360044465000430048065000410052370000470056491000370061195201360064895201210078495201270090599900170103200003914620250430073846.0130527s2012 dr 001 0 spa d a9789945165289 aDO-SdBNPbspacBNPHU a158.1bP762r, 201200aPolaris :breflexiones sobre temas humanos /cprólogo Freddy Ginebra Giudicelli. aSanto Domingo :bEdiciones Polaris,c2012. a286 p. ;c24 cm. aSelección de reflexiones de las publicadas en las ediciones anuales de 2008, 2010, 2011. aInventariado, 2018/MFF 4aTécnicas de autoayuda9387 4aReflexiones (filosofía)95464 0aAutorrealización (Psicología)9211 4aAutopercepción (filosofía)971681 aGinebra Giudicelli, Freddy,epról.97342 aValidado. Control de calidad EMS 001054708DSaGRbGRcHDd2013-05-27iLF1l0o158.1 P762r, 2012p39146-30r2020-06-25te. 3w2020-06-25yLFDSZPréstamo en sala 0010718PDaPDbPDcHDd2013-05-27iLF1l0o158.1 P762r, 2012p39146-10r2020-06-25w2020-06-25yLFPDZNo se presta 0010718PDaPDbPDcHDd2013-05-27iLF1l0o158.1 P762r, 2012p39146-20r2020-06-25te. 2w2020-06-25yLFPDZNo se presta c38636d38636